|
|
|
|
| LEADER |
00000nab a2200000 a 4500 |
| 001 |
vtls008828535 |
| 003 |
SK-MaSNL |
| 005 |
20260303062832.0 |
| 008 |
051010 1977 xo 000 0 slo |
| 015 |
|
|
|a SNBRB1977
|
| 040 |
|
|
|a SNKBUCL
|b slo
|c SNKBUCL
|e AACR2
|
| 041 |
0 |
|
|a slo
|
| 044 |
|
|
|a xo
|c SK
|
| 080 |
|
|
|a 631(47)
|2 2001
|
| 100 |
1 |
|
|a Chartijanc, B. K.
|4 aut
|9 450991
|
| 245 |
1 |
0 |
|a Nová etapa rozvoja sovietskeho poľnohospodárstva
|c B. K. Chartijanc
|
| 650 |
0 |
7 |
|a poľnohospodárstvo
|2 snkbucl
|9 679
|
| 651 |
|
7 |
|a Sovietsky zväz
|2 snkbucl
|9 22126
|
| 773 |
0 |
|
|t Nové slovo
|g Roč. 19, č. 4 (1977)
|
| 999 |
|
|
|c 1740767
|d 1742697
|